MCU - All Movies and Series - Statistics

General Stats
  • This quiz has been taken 975 times
    11 since last reset
  • The average score is 57 of 78
Answer Stats
% Correct
Phase One (2008-2012) 2008 Iron Man
100%
Phase One (2008-2012) 2010 Iron Man 2
100%
Phase One (2008-2012) 2008 The Incredible Hulk
100%
Phase One (2008-2012) 2011 Thor
100%
Phase Three (2016-2019) 2019 Avengers: Endgame
90%
Phase Three (2016-2019) 2018 Avengers: Infinity War
90%
Phase Three (2016-2019) 2018 Black Panther
90%
Phase Four (2021-2022) 2022 Black Panther: Wakanda Forever
90%
Phase Four (2021-2022) 2021 Black Widow
90%
Phase Three (2016-2019) 2016 Captain America: Civil War
90%
Phase Two (2013-2015) 2014 Captain America: The Winter Soldier
90%
Phase Three (2016-2019) 2016 Doctor Strange
90%
Phase Four (2021-2022) 2022 Doctor Strange in the Multiverse of Madness
90%
Phase Two (2013-2015) 2014 Guardians of the Galaxy
90%
Disney+ Series (2021-2026) 2021 Hawkeye
90%
Phase Two (2013-2015) 2013 Iron Man 3
90%
Disney+ Series (2021-2026) 2021-2023 Loki
90%
Phase Four (2021-2022) 2021 Shang-Chi and the Legend of the Ten Rings
90%
Phase Three (2016-2019) 2017 Spider-Man: Homecoming
90%
Phase Four (2021-2022) 2021 Spider-Man: No Way Home
90%
Phase One (2008-2012) 2012 The Avengers
90%
Disney+ Series (2021-2026) 2021 The Falcon and the Winter Soldier
90%
Phase Four (2021-2022) 2022 Thor: Love and Thunder
90%
Phase Three (2016-2019) 2017 Thor: Ragnarok
90%
Phase Five (2023-2025) 2025 Thunderbolts*
90%
Disney+ Series (2021-2026) 2021 WandaVision
90%
Phase Two (2013-2015) 2015 Ant-Man
80%
Phase Three (2016-2019) 2018 Ant-Man and the Wasp
80%
Phase Five (2023-2025) 2023 Ant-Man and the Wasp: Quantumania
80%
Phase Two (2013-2015) 2015 Avengers: Age of Ultron
80%
Phase Five (2023-2025) 2025 Captain America: Brave New World
80%
Phase One (2008-2012) 2011 Captain America: The First Avenger
80%
Phase Three (2016-2019) 2019 Captain Marvel
80%
Netflix Series (2015-2019) 2015-2018 Daredevil
80%
Phase Five (2023-2025) 2024 Deadpool & Wolverine
80%
Phase Four (2021-2022) 2021 Eternals
80%
Phase Three (2016-2019) 2017 Guardians of the Galaxy Vol. 2
80%
Phase Five (2023-2025) 2023 Guardians of the Galaxy Vol. 3
80%
Disney+ Series (2021-2026) 2022 I Am Groot
80%
Disney+ Series (2021-2026) 2022 Ms. Marvel
80%
Phase Three (2016-2019) 2019 Spider-Man: Far From Home
80%
Disney+ Specials (2022-2026) 2022 The Guardians of the Galaxy Holiday Special
80%
Phase Five (2023-2025) 2023 The Marvels
80%
Phase Two (2013-2015) 2013 Thor: The Dark World
80%
Disney+ Series (2021-2026) 2021-2024 What If...?
80%
Disney+ Series (2021-2026) 2024 Agatha All Along
70%
ABC Studios (2013-2020) 2013-2020 Agents of S.H.I.E.L.D.
70%
Disney+ Series (2021-2026) 2025-2026 Daredevil: Born Again
70%
Disney+ Series (2021-2026) 2024 Echo
70%
Netflix Series (2015-2019) 2017-2018 Iron Fist
70%
Disney+ Series (2021-2026) 2025 Ironheart
70%
Netflix Series (2015-2019) 2015-2019 Jessica Jones
70%
Netflix Series (2015-2019) 2016-2018 Luke Cage
70%
Disney+ Series (2021-2026) 2022 Moon Knight
70%
Disney+ Series (2021-2026) 2022 She-Hulk: Attorney at Law
70%
Netflix Series (2015-2019) 2017 The Defenders
70%
Phase Six (2025-2027) 2025 The Fantastic Four: First Steps
70%
Netflix Series (2015-2019) 2017-2019 The Punisher
70%
One-Shots (2011-2014) 2013 Agent Carter
60%
ABC Studios (2013-2020) 2015-2016 Agent Carter
60%
Freeform Series (2018-2019) 2018-2019 Cloak & Dagger
60%
Disney+ Series (2021-2026) 2025 Eyes of Wakanda
60%
Disney+ Series (2021-2026) 2025 Marvel Zombies
60%
Hulu Series (2017-2020) 2017-2019 Runaways
60%
Disney+ Series (2021-2026) 2023 Secret Invasion
60%
Disney+ Series (2021-2026) 2026 Wonder Man
60%
Disney+ Series (2021-2026) 2025 Your Friendly Neighborhood Spider-Man
60%
One-Shots (2011-2014) 2012 Item 47
50%
Disney+ Specials (2022-2026) 2022 Werewolf by Night
50%
ABC Studios (2013-2020) 2017 Inhumans
40%
Disney+ Specials (2022-2026) 2026 The Punisher: One Last Kill
40%
One-Shots (2011-2014) 2011 A Funny Thing Happened on the Way to Thor's Hammer
30%
One-Shots (2011-2014) 2014 All Hail the King
30%
Team Thor Trilogy (2016-2018) 2018 Team Darryl
30%
Team Thor Trilogy (2016-2018) 2016 Team Thor: Part 1
30%
Team Thor Trilogy (2016-2018) 2017 Team Thor: Part 2
30%
One-Shots (2011-2014) 2011 The Consultant
30%
ABC Studios (2013-2020) 2016 Agents of S.H.I.E.L.D.: Slingshot
10%
No matching quizzes found
Score Distribution
Percent of People with Each Score
Percentile by Number Answered
Your Score History
You have not taken this quiz since the last reset